Presuncin̤ de inocencia y prisin̤ preventiva en Ecuador

Bibliographic Details
Main Author: Estrella, Ronny
Format: eBook
Language:Spanish
Published: Quito: Editorial Acadm̌ica Espaǫla, 2019
Subjects:
Online Access:Acceso restringido

MARC

LEADER 00000nam a22000007a 4500
005 20191010224055.0
007 cr|||| ||||
008 191010s2019 es |||||s|||| 00||0 spa d
020 |a 9786202157650 
035 |a 30131 
040 |a vLex 
090 |c 9777  |d 9777 
100 1 |a Estrella, Ronny 
245 1 0 |a Presuncin̤ de inocencia y prisin̤ preventiva en Ecuador  |h [Recurso electrn̤ico] /  |c Ronny Estrella 
256 |a Servicio en ln̕ea 
260 |a Quito:  |b Editorial Acadm̌ica Espaǫla,  |c 2019 
300 |a 1 recurso electrn̤ico 
500 |a Este trabajo se presenta como un anl̀isis constitucional de la afectacin̤ que sufren los sujetos procesales en una causa penal, cuando los estados en pro de garantizar una polt̕ica criminal de represin̤, vulneran el principio universal a la presuncin̤ de inocencia, a travš de la recurrente aplicacin̤ de la prisin̤ preventiva, medida cautelar de carc̀ter personal, considerada de l︢tima ratio. A lo largo del anl̀isis se plantean ciertas interrogantes, que sin lugar a duda requieren respuestas de base dogmt̀ica, entre otras, ¿se vulnera el principio constitucional a la presuncin̤ de inocencia en Ecuador?. 
506 1 |a Disponible solo en los productos indicados  |d vLex Global  |d vLex Global (Academic Edition, excluding Law Schools)  |d vLex Global (U.S. Academic Edition, Law Schools)  |d vLex Global (U.S. Academic Edition, excluding Law Schools)  |d vLex Global (Academic Edition, Law Schools) 
650 0 4 |a Derecho Pb︢lico y Administrativo  |z Ecuador 
740 0 |a vLex Libros (Servicio en ln̕ea) 
856 4 0 |u http://vlex.com/source/30131  |z Acceso restringido 
942 |c BOOK 
999 0 |a Public and Administrative Law